|
|
|
|
| LEADER |
00000cam a2200000 i 4500 |
| 001 |
1/6181 |
| 008 |
100326s1970 fre d |
| 035 |
|
|
|l 10107422
|
| 040 |
|
|
|a GR-MY-UA
|b gre
|e aacr
|
| 041 |
0 |
|
|a fre
|
| 082 |
0 |
|
|a 511.322
|2 (22)
|
| 100 |
1 |
|
|a Penaud, Jacques.
|
| 245 |
1 |
3 |
|a La mathematique moderne :
|b en dialogue avec vous /
|c Jacques Penaud
|
| 250 |
|
|
|a 2e ed.
|
| 260 |
|
|
|a Paris :
|b Vuibert,
|c 1970
|
| 300 |
|
|
|a 103 σ.;
|b σχ.;
|c 21 εκ.
|
| 650 |
0 |
0 |
|a Set theory
|x Programmed instruction.
|
| 852 |
|
|
|a INST
|b SAMOS
|c MAG
|e 20100326
|h 511.322 PEN
|p 005300032107
|q 005300032107
|t BK
|y 0
|
| 901 |
|
|
|a BIBL3-2010-1
|
| 909 |
|
|
|a Σ
|b 162103
|
| 970 |
|
|
|a ΣΙΤΖΙΜΗ
|b ΓΙΑΣΕΜΗ
|z 2010/03/26
|